000 00402nam a22001697a 4500
005 20180316163712.0
008 160618b xxu||||| |||| 00| 0 eng d
020 _a81-203-2237-1
041 _aeng
082 _b8100
_a332.645
100 _aHull, John C
_9379
245 _aOptions, Futures and other Deri Vatives
260 _bPHI
_c2004
300 _a719
650 _aManagement
_9241
942 _cBK
999 _c3067
_d3066